| 000 | 01913nam a2200289 a 4500 | ||
|---|---|---|---|
| 001 | 000027307 | ||
| 003 | DO-SdBNP | ||
| 005 | 20250129073605.0 | ||
| 008 | 110331t1995 dr ac 001 0bspa d | ||
| 040 |
_aDO-SdBNP _bspa _cBNPHU |
||
| 049 | _aBNPD | ||
| 082 | 4 |
_a923.27293 _bP418b _221 |
|
| 100 | 1 |
_aBalcácer, Juan Daniel, _d1949- _96566 |
|
| 245 | 1 | 0 |
_aPensamiento y acción de los Padres de la Patria / _cJuan Daniel Balcácer. |
| 260 |
_aSanto Domingo : _bTaller, _c1995. |
||
| 300 |
_a111 p. : _bil. ; _c22 cm. |
||
| 500 | _aIncluye bibliografía y notas al pie de páginas y al final de capítulos. | ||
| 505 | 0 |
_gPresentación . _gJuan Pablo Duarte : su pensamiento político : _tPara conocer a Duarte -- _tDuarte y el Santo Domingo de su época -- _tLos fueros de Barcelona -- _tEl nacionalista -- _tContra el intervencionismo -- _tEl escritor. |
|
| 505 | 0 |
_gRamón Matías Mella: el prócer de La Misericordia : _tFamilia de próceres -- _tLos primeros años -- _tDurante la dominación haitiana -- _tActividades revolucionarias -- _tEl trabucazo heroico -- _tServicio a la patria -- _tMisión diplomática -- _tTrayectoria militar -- _tIntrepidez y audacia -- _tEn la cima del patriotismo. |
|
| 505 | 0 |
_gFrancisco del Rosario Sánchez : el mártir de El Cercado : _tNacionalista pragmático -- _tLos primeros años -- _tEn los afanes revolucionarios -- _tProclamación de la República -- _tSánchez y Santana -- _tSánchez y Báez -- _tAl margen de la política -- _tSánchez y la anexión -- _tSánchez y Duarte -- _tRedentor y mártir -- _gApéndice: Breve historia de la bandera. |
|
| 600 | 1 | 0 |
_aDuarte, Juan Pablo, _d1813-1876 _91494 |
| 600 | 1 | 0 |
_aSánchez, Francisco del Rosario, _d1817-1861 _981140 |
| 600 | 1 | 4 |
_aMella, Matías Ramón _d1816-1864 _xPensamiento polítco _954383 |
| 651 | 0 |
_aRepública Dominicana -- _xHistoria -- _y1844-1930 _91009 |
|
| 910 | _aValidado. Control de calidad EMS. | ||
| 942 |
_2ddc _cLBS1 |
||
| 999 |
_c26799 _d26799 |
||